Vie et voyages de Christophe Colomb / (Record no. 156096)
[ view plain ]
| 000 -LEADER | |
|---|---|
| campo de control de longitud fija | 00772nam a22001935i 4500 |
| 001 - NÚMERO DE CONTROL | |
| campo de control | 156096 |
| 003 - IDENTIFICADOR DE NÚMERO DE CONTROL | |
| campo de control | ES-MaACL |
| 005 - FECHA Y HORA DE LA ÚLTIMA TRANSACCIÓN | |
| campo de control | 20240524063006.0 |
| 008 - DATOS DE LONGITUD FIJA--INFORMACIÓN GENERAL | |
| campo de control de longitud fija | 040727s1864 fr |||| | fre d |
| 040 ## - FUENTE DE CATALOGACIÓN | |
| Centro catalogador/agencia de origen | CAM |
| Lengua de catalogación | spa |
| Centro/agencia transcriptor | CAM |
| 100 0# - ENTRADA PRINCIPAL--NOMBRE DE PERSONA | |
| Nombre de persona | Irving, Washington, |
| Fechas asociadas al nombre | 1783-1859 |
| 9 (RLIN) | 65506 |
| 245 10 - MENCIÓN DEL TÍTULO | |
| Título | Vie et voyages de Christophe Colomb / |
| Mención de responsabilidad, etc. | Washington Irving ; traduction de l'anglais par G. Renson. |
| 260 ## - PUBLICACIÓN, DISTRIBUCIÓN, ETC. | |
| Lugar de publicación, distribución, etc. | Paris [etc.] : |
| Nombre del editor, distribuidor, etc. | A. Lacroix, Verboeckhoven et C., éditeurs, |
| Fecha de publicación, distribución, etc. | 1864 ( |
| Lugar de fabricación/manufactura | Bruxelles : |
| Fabricante | Typ. A. Lacroix, Verboeckhoven et C.) |
| 300 ## - DESCRIPCIÓN FÍSICA | |
| Extensión | 3 v. (354 ; 330 ; 348 p.) ; |
| Dimensiones | 22 cm. |
| 600 14 - PUNTO DE ACCESO ADICIONAL DE MATERIA--NOMBRE DE PERSONA | |
| Nombre de persona | Colón, Cristóbal- |
| Subdivisión general | Biografías. |
| 9 (RLIN) | 39871 |
| 700 11 - ENTRADA AGREGADA--NOMBRE PERSONAL | |
| Nombre de persona | Renson, G., |
| Término indicativo de función/relación | |
| 9 (RLIN) | 131713 |
| 852 ## - LOCALIZACIÓN | |
| Ubicación | ES-MaACL |
| Número de control de estantería | F-7814-7816 |
| Nota libre | -- Enc. hol. |
| Estatus retirado | Estado de pérdida | Estado de daño | No para préstamo | Colección | Biblioteca de origen | Biblioteca actual | Ubicación en estantería | Fecha de adquisición | Fuente de adquisición | Total de préstamos | Signatura topográfica completa | Código de barras | Visto por última vez | Precio de reemplazo | Tipo de ítem Koha |
|---|---|---|---|---|---|---|---|---|---|---|---|---|---|---|---|
| Libros del s. XIX | Biblioteca del Ateneo de Madrid | Biblioteca del Ateneo de Madrid | Sala Pecera Planta 2 | 17/01/2008 | F-7814-7816 | 1163304 | 23/02/2023 | 23/02/2023 | Libro impreso antiguo |
